000 00592nam a2200205 a 4500
001 17119
003 CO-ViMGA
008 141112s2004 ck r 000 u spa d
020 _a8471143445
040 _aCO-ViMGA
_bspa
_cCO-ViMGA
082 0 4 _a635.53 M171a
100 1 _aMaroto Borrego, Jose Vicente; España, Pascual
_924297
245 1 0 _aEl Apio , tecnicas de cultivo
260 _aMadríd (España),
_cMundi - prensa,
_c1991
300 _a108.p.
590 _aForma de adquisición : Premio - Mincultura
650 1 4 _aAPIO
_924298
650 1 4 _aAPIO - CULTIVO
_924299
942 _2ddc
_cBK
999 _c26723
_d26723